SpongeBob SquarePants Characters - Statistics

General Stats
  • This quiz has been taken 255 times
  • The average score is 12 of 41
Answer Stats
Answer % Correct
Patrick
98%
SpongeBob
98%
Mr. Krabs
94%
Squidward
93%
Sandy
92%
Plankton
83%
Pearl
72%
Mrs. Puff
70%
Karen
61%
Larry The Lobster
57%
Mermaid Man
48%
Man Ray
32%
Squilliam
32%
Dirty Bubble
30%
Fred
29%
Bubble Bass
22%
Old Man Jenkins
20%
The Flying Dutchman
19%
Perch Perkins
16%
Bubble Buddy
15%
Patchy The Pirate
13%
Harold SquarePants
11%
Grandma SquarePants
9%
Margaret SquarePants
9%
Potty The Parrot
9%
Scooter
7%
Mrs. Krabs
6%
Tom
6%
Dr. Forrest
4%
Nat
4%
Bill
3%
Officer John
3%
Officer Nancy
3%
Elaine
2%
Frankie Billy
2%
Charlie
1%
Mary
1%
Nancy Suzy Fish
1%
Sadie Rechid
1%
Tina Fran
1%
Gary
0%
No matching quizzes found
Score Distribution
Percent of People with Each Score
Percentile by Number Answered
Your Score History
You have not taken this quiz